000 00331nam a2200145Ia 4500
008 150201s2007 xx 000 0 und d
082 _a612.015
_bB07B
100 _aBERG, JEREMY M.
245 _aBIOCHEMISTRY
250 _a6TH
260 _bFREEMAN
_aNEW YORK
_c2007
300 _a1-1022
650 _aBIOCHEMISTRY
942 _2ddc
_cBK
999 _c289
_d289